000 00520nam a2200121Ia 4500
008 231221s9999 xx 000 0 und d
041 _aEnglish
082 _aQPHMUG07-1289
245 0 _aFood and Beverage Service II paper-2.2 (Semester Scheme) [electronic resource : question paper] : Second Semester B.H.M. examination, May/June 2007 (US-753]
260 _c2007/05
_bBU-Bangalore University
650 _aFood,Beverage,II,paper-2.2,(Semester,Scheme),:,paper],:,B.H.M.,examination,,May/June,2007,(US-753]
942 _cDL
999 _c205161
_d205161